000 00918nas a2200301 4500
001 BR2014003607
003 BR-BrBNA
005 20231205124149.0
007 ta
008 230509b bl.|||p| |||| 00| 00por d
040 _aBR-BrBNA
_bpor
_cBiblioteca Nacional de Agricultura
041 _a(En)
072 _aF60
100 1 _aBrum, C.N.F.
100 1 _aMelo, E.F.
100 1 _aBarquero, L.O.B.
100 1 _aAlves, J.D.
100 1 _aChalfun-Júnior, A.
245 1 _aModifications in the metabolism of carbohydrates in (Coffea arabica L. cv. Siriema)seedlings under drought conditions
650 _aCAFÉ
650 _aMUDA
650 _aCARBOIDRATO
650 _aMETABOLISMO VEGETAL
650 _aDEFICIÊNCIA HÍDRICA
773 0 _tCoffee Science (Brazil)
_xISSN 1809-6875
_g(Apr-Jun 2013), v. 8(2) p. 140-147
_wBR2014003607
909 _a202311
_bLúcia
_c55
_dLúcia Elande
942 _2AGRIS
_n0
_cANA
999 _c237628
_d237628